| 000 | 00367 a2200121 4500 | ||
|---|---|---|---|
| 020 | _a0063507498 | ||
| 082 | _a624.18341 WAN | ||
| 100 | _aWang, Chu-Kia, | ||
| 245 |
_aReinforced concrete design / _cChu-Kia Wang, Charles G. Salmon. |
||
| 250 | _a4th ed. | ||
| 260 |
_aNew york : _bHarper & Row Publishers, _c1985. |
||
| 300 |
_a947p. : _bill. ; _c25 cm. |
||
| 650 | _aReinforced concrete construction. | ||
| 999 |
_c1395 _d1395 |
||